Memorandum to the third finance commission regarding distribution of divisble central taxes (Record no. 500189)

000 -LEADER
fixed length control field 00414cam a22001097a 4500
008 - FIXED-LENGTH DATA ELEMENTS--GENERAL INFORMATION
fixed length control field 180718b1961 xxu||||| |||| 00| 0 eng d
082 ## - DEWEY DECIMAL CLASSIFICATION NUMBER
Classification number Lx54 In2f/61m/GUJA.
245 ## - TITLE STATEMENT
Title Memorandum to the third finance commission regarding distribution of divisble central taxes
Statement of responsibility, etc. by Finance Department, Gujarat
260 ## - PUBLICATION, DISTRIBUTION, ETC.
Place of publication, distribution, etc. Ahmedabad
Name of publisher, distributor, etc. The Government Central Press
Date of publication, distribution, etc. 1961
300 ## - PHYSICAL DESCRIPTION
Extent 165+p.
700 ## - ADDED ENTRY--PERSONAL NAME
Personal name Gujarat. Finance Department
Holdings
Withdrawn status Lost status Damaged status Not for loan Permanent Location Current Location Date acquired Full call number Barcode Date last seen Price effective from Koha item type
        Indian Institute of Public Administration Indian Institute of Public Administration 2018-08-04 Lx54 In2f/61m/GUJA. GG5018 2018-08-04 2018-08-04 GG

Powered by Koha